یوسف بن تاشقین (Record no. 554376)
[ view plain ]
| 000 -LEADER | |
|---|---|
| fixed length control field | 00375nam a22001337a 4500 |
| 082 ## - DEWEY DECIMAL CLASSIFICATION NUMBER | |
| Classification number | 891.4392 |
| Author Mark | HIJ |
| -- | N-2,P-100 |
| 100 ## - MAIN ENTRY--PERSONAL NAME | |
| Personal name | Hijazi, Naseem |
| 9 (RLIN) | 51835 |
| 245 ## - TITLE STATEMENT | |
| Title | یوسف بن تاشقین |
| 260 ## - PUBLICATION, DISTRIBUTION, ETC. | |
| Place of publication, distribution, etc. | Lahore, |
| Name of publisher, distributor, etc. | Jahangir books, |
| Date of publication, distribution, etc. | 2000. |
| 300 ## - PHYSICAL DESCRIPTION | |
| Extent | 480p. |
| 526 ## - STUDY PROGRAM INFORMATION NOTE | |
| Program name | 0 |
| Interest level | 0 |
| Reading level | 0 |
| Title point value | 891_439200000000000_HIJ |
| 650 ## - SUBJECT ADDED ENTRY--TOPICAL TERM | |
| Topical term or geographic name entry element | Novel, Urdu adab |
| Topical term following geographic name entry element | urdu books |
| 9 (RLIN) | 51836 |
| 942 ## - ADDED ENTRY ELEMENTS (KOHA) | |
| Source of classification or shelving scheme | |
| Koha item type | Book |
| Withdrawn status | Lost status | Source of classification or shelving scheme | Damaged status | Not for loan | Permanent Location | Current Location | Date acquired | Total Checkouts | Full call number | Barcode | Date last seen | Price effective from | Koha item type |
|---|---|---|---|---|---|---|---|---|---|---|---|---|---|
| Military College of Engineering (MCE) | Military College of Engineering (MCE) | 06/25/2020 | 891.4392 HIJ | MCE-51463 | 06/25/2020 | 06/25/2020 | Book |
